书目信息 |
| 题名: |
有机化学近代技术
|
|
| 作者: | R.P.林斯台德 著 ;复旦大学有机化学教研组 译 | |
| 分册: | ||
| 出版信息: | 北京 人民教育出版社 1960.10 |
|
| 页数: | 163页 | |
| 开本: | 20cm | |
| 丛书名: | ||
| 单 册: | ||
| 中图分类: | O62-33 | |
| 科图分类: | ||
| 主题词: | 有机化学 | |
| 电子资源: | ||
| ISBN: | ||
| 000 | 00715nam0 2200205 450 | |
| 001 | 0637749969 | |
| 005 | 20060801174303.17 | |
| 010 | @dCNY0.70 | |
| 100 | @a20060731d1960 km y0chiy0120 ea | |
| 101 | 0 | @achi |
| 102 | @aCN@b110000 | |
| 200 | 1 | @a有机化学近代技术@Ayou ji hua xue jin dai ji shu@fR.P.林斯台德等著@FR.P.lin si tai de deng zhu@g复旦大学有机化学教研组译@Gfu dan da xue you ji hua xue jiao yan zu yi |
| 210 | @a北京@c人民教育出版社@d1960.10 | |
| 215 | @a163页@d20cm | |
| 606 | 0 | @a有机化学 |
| 690 | @aO62-33@v3 | |
| 701 | 0 | @aR.P.林斯台德@AR.P.lin si tai de@4著 |
| 712 | 0 | @a复旦大学有机化学教研组@Afu dan da xue you ji hua xue jiao yan zu@4译 |
| 801 | 0 | @aCN@bPFT@c20060801 |
| 905 | @a10447@dO62-33@e117 | |
| 有机化学近代技术/R.P.林斯台德等著/复旦大学有机化学教研组译.-北京:人民教育出版社,1960.10 |
| 163页;20cm |
| ISBN :CNY0.70 |
| ● |
| 相关链接 |
|
|
|
|
正题名:有机化学近代技术
索取号:O62-33/117
 
预约/预借
| 序号 | 登录号 | 条形码 | 馆藏地/架位号 | 状态 | 备注 |
| 1 | 0434307 | 204343077 | 密集书库/ [索取号:O62-33/117] | 在馆 | |
| 2 | 0442997 | 204429975 | 密集书库/ [索取号:O62-33/117] | 在馆 | |
| 3 | 0442998 | 204429984 | 密集书库/ [索取号:O62-33/117] | 在馆 |